000 00520nam a2200205Ia 4500
003 OSt
005 20220926040120.0
006 a|||||r|||| 00| 0
007 ta
008 220923b |||||||| |||| 00| 0 eng d
037 _cGeneral Book
040 _aRTL
_cRTL
_beng
041 _2eng
_aeng
082 _aX:77.73.N8, J5
245 0 _aFABULOUS FUTURE, America in 1980
260 _c1955
650 _aEconomic Development
_917300
942 _hX:77.73.N8, J5
_cGB
_2CC
999 _c663922
_d663922